01795nam a2200349Ia 4500001001200000003000800012006001900020007001500039008004100054020001500095020001800110040002100128035002100149050002700170110012000197245034400317260005800661300002500719504005400744533015200798650001200950651004500962651004601007651004301053655002901096700004601125700002201171710003601193710007301229710001701302856012601319ebr10273933CaPaEBRm u cr cn|||||||||081230s2009 dcua sb 000 0 eng d z0309128269 z9780309128261 aCaPaEBRcCaPaEBR a(OCoLC)36758605414aHA201.14b.N383 2009eb2 aNational Research Council (U.S.).bPanel on Correlation Bias and Coverage Measurement in the 2010 Decennial Census.10aCoverage measurement in the 2010 censush[electronic resource] /cPanel on Correlation Bias and Coverage Measurement in the 2010 Decennial Census ; Robert M. Bell and Michael L. Cohen, editors ; Committee on National Statistics, Division of Behavioral and Social Sciences and Education, National Research Council of the National Academies. aWashington, D.C. :bNational Academies Press,cc2009. axvii, 161 p. :bill. aIncludes bibliographical references (p. 137-143). aElectronic reproduction.bPalo Alto, Calif. :cebrary,d2009.nAvailable via World Wide Web.nAccess may be limited to ebrary affiliated libraries. 0aCensus. 0aUnited StatesxCensus, 2010xEvaluation. 0aUnited StatesxCensus, 2010xMethodology. 0aUnited StatesxCensus, 2010xPlanning. 7aElectronic books.2local1 aBell, Robert M.q(Robert Michael),d1951-1 aCohen, Michael L.2 aNational Academies Press (U.S.)2 aNational Research Council (U.S.).bCommittee on National Statistics.2 aebrary, Inc.40uhttp://site.ebrary.com/lib/rucke/Doc?id=10273933zAn electronic book accessible through the World Wide Web; click to view